SNELL'S CLINICAL ANATOMY BY REGIONS (Record no. 30733)

MARC details
000 -LEADER
fixed length control field 00413nam a22001697a 4500
003 - CONTROL NUMBER IDENTIFIER
control field SGT
020 ## - INTERNATIONAL STANDARD BOOK NUMBER
International Standard Book Number 9789395736404
082 ## - DEWEY DECIMAL CLASSIFICATION NUMBER
Classification number 611
Item number S23M
100 ## - MAIN ENTRY--PERSONAL NAME
Personal name MEHTA, VANDANA
245 ## - TITLE STATEMENT
Title SNELL'S CLINICAL ANATOMY BY REGIONS
250 ## - EDITION STATEMENT
Edition statement 2ND S.A
260 ## - PUBLICATION, DISTRIBUTION, ETC. (IMPRINT)
Place of publication, distribution, etc INDIA
Name of publisher, distributor, etc WOLTERS KLUWER PUB
Year of Publication 2023
300 ## - PAGE DESCRIPTION
No. of Pages 938
650 ## - SUBJECT ADDED ENTRY--TOPICAL TERM
Topical term or geographic name as entry element HUMAN ANATOMY
653 ## - KEYWORDS--INDEX TERM
Keyword term SNELL'S CLINICAL ANATOMY BY REGIONS
942 ## - ADDED ENTRY ELEMENTS (KOHA)
Source of classification or shelving scheme Dewey Decimal Classification
Koha item type Books
Holdings
Withdrawn status Lost status Source of classification or shelving scheme Damaged status Not for loan Collection code Home library Current library Shelving location Date acquired Vendor Name Cost, normal purchase price SGTU Bill Number Total Checkouts Full call number Accession No. (Barcode) Date last seen Bill Date Koha item type
    Dewey Decimal Classification   Not For Loan MEDICAL SGT Medical Library SGT Medical Library Reference Book 11/02/2025 ABC DELHI 3549.00 SGTU 20461   611 S23M FM14976 07/04/2025 11/02/2025 Books
    Dewey Decimal Classification   Not For Loan MEDICAL SGT Medical Library SGT Medical Library Reference Book 11/02/2025 ABC DELHI 3549.00 SGTU 20461   611 S23M FM14977 07/04/2025 11/02/2025 Books
    Dewey Decimal Classification   Not For Loan MEDICAL SGT Medical Library SGT Medical Library Reference Book 11/02/2025 ABC DELHI 3549.00 SGTU 20461   611 S23M FM14978 09/04/2025 11/02/2025 Books